[Event "URU-ch 94th"]
[Site "Montevideo"]
[Date "2025.04.19"]
[Round "9"]
[White "Rodriguez Vila, Andres"]
[Black "Romero, Juan Ignacio"]
[Result "1-0"]
[WhiteElo "2427"]
[BlackElo "1959"]
[PlyCount "87"]
[EventDate "2025.04.11"]
[EventType "tourn"]
[EventRounds "9"]
[EventCountry "URU"]
[SourceTitle "CB17_2025"]
[SourceDate "2025.04.23"]
[SourceVersion "1"]
[SourceVersionDate "2025.04.23"]
[SourceQuality "1"]

1. Nf3 d5 2. b3 Nf6 3. Bb2 g6 4. c4 Bg7 5. cxd5 0-0 6. g3 Nxd5 7. Bxg7 Kxg7 8. Bg2 Bg4 9. d4 Bxf3 10. Bxf3 c6 11. h4 Qa5+ 12. Kf1 Nd7 13. h5 Rad8 14. Qc1 Rh8 15. h6+ Kf8 16. Nd2 N7f6 17. Kg2 Qc3 18. Nc4 Qxc1 19. Raxc1 e6 20. e4 Nb6 21. e5 Nxc4 22. bxc4 Nd7 23. Rb1 Rb8 24. Rb2 c5 25. Rhb1 b6 26. Bc6 Ke7 27. Bxd7 Kxd7 28. dxc5 Rhc8 29. cxb6 axb6 30. Rxb6 Rxb6 31. Rxb6 Rxc4 32. Rb7+ Ke8 33. Ra7 Re4 34. f4 Re2+ 35. Kh3 Re1 36. a4 Rh1+ 37. Kg2 Ra1 38. a5 Ra3 39. a6 Ra1 40. Kf3 Ra4 41. Kg4 Ra3 42. Kg5 Rxg3+ 43. Kf6 Rf3 44. Re7+ 1-0

[Event "URU-ch sf"]
[Site "Montevideo"]
[Date "2024.02.13"]
[Round "7"]
[White "Ressia, Lorenzo"]
[Black "Romero, Juan Ignacio"]
[Result "1-0"]
[WhiteElo "1959"]
[BlackElo "1821"]
[PlyCount "64"]
[EventDate "2024.02.09"]
[EventType "swiss"]
[EventRounds "7"]
[EventCountry "URU"]
[SourceTitle "CBM 218 Extra"]
[Source "ChessBase"]
[SourceDate "2024.03.31"]
[SourceVersion "1"]
[SourceVersionDate "2024.03.31"]
[SourceQuality "1"]

1. d4 Nf6 2. c4 e6 3. Nc3 d5 4. cxd5 exd5 5. Bg5 Be7 6. e3 0-0 7. Bd3 c6 8. Qc2 h6 9. Bh4 Be6 10. Nge2 Nbd7 11. 0-0 Nh5 12. Bxe7 Qxe7 13. Rad1 c5 14. dxc5 Nxc5 15. Nd4 Nxd3 16. Qxd3 Nf6 17. Rc1 Rac8 18. Rfd1 Ng4 19. Nf3 Rfd8 20. Nxd5 Bxd5 21. Rxc8 Rxc8 22. Qxd5 Nf6 23. Qd4 Ne4 24. Ne5 Qh4 25. Rf1 Re8 26. g3 Qf6 27. Qxe4 Qxe5 28. Qxb7 Rb8 29. Qxa7 Rxb2 30. a4 Ra2 31. Qa8+ Kh7 32. Qb7 f6 1-0

[Event "URU-ch sf"]
[Site "Montevideo"]
[Date "2024.02.11"]
[Round "4"]
[White "Romero, Juan Ignacio"]
[Black "Benitez, Andres"]
[Result "1/2-1/2"]
[WhiteElo "1821"]
[BlackElo "1960"]
[PlyCount "59"]
[EventDate "2024.02.09"]
[EventType "swiss"]
[EventRounds "7"]
[EventCountry "URU"]
[SourceTitle "CBM 218 Extra"]
[Source "ChessBase"]
[SourceDate "2024.03.31"]
[SourceVersion "1"]
[SourceVersionDate "2024.03.31"]
[SourceQuality "1"]

1. Nf3 d5 2. g3 c5 3. Bg2 Nc6 4. d4 Nf6 5. 0-0 e6 6. c4 dxc4 7. dxc5 Qxd1 8. Rxd1 Bxc5 9. Nbd2 Ng4 10. Ne4 Be7 11. Nd6+ Bxd6 12. Rxd6 e5 13. Nd2 Be6 14. Bxc6+ bxc6 15. Rxc6 Kd7 16. Rc5 Rhc8 17. Ne4 f5 18. Rxc8 Rxc8 19. Nc3 Nf6 20. Be3 a6 21. Rd1+ Kc6 22. f3 Rb8 23. Rd2 Bd5 24. f4 exf4 25. Bxf4 Re8 26. Rd4 Kc5 27. e3 h6 28. h4 Bf7 29. a3 Nd5 30. Nxd5 1/2-1/2

[Event "URU-ch sf"]
[Site "Montevideo"]
[Date "2024.02.09"]
[Round "1"]
[White "Hoffman, Alejandro"]
[Black "Romero, Juan Ignacio"]
[Result "1-0"]
[WhiteElo "2361"]
[BlackElo "1821"]
[PlyCount "55"]
[EventDate "2024.02.09"]
[EventType "swiss"]
[EventRounds "7"]
[EventCountry "URU"]
[SourceTitle "CBM 218 Extra"]
[Source "ChessBase"]
[SourceDate "2024.03.31"]
[SourceVersion "1"]
[SourceVersionDate "2024.03.31"]
[SourceQuality "1"]

1. d4 Nf6 2. Nf3 e6 3. c4 b6 4. g3 Ba6 5. b3 Bb4+ 6. Bd2 Be7 7. Bg2 Bb7 8. 0-0 0-0 9. Nc3 c5 10. d5 exd5 11. Ne1 Ne4 12. Nxd5 Bxd5 13. cxd5 Nxd2 14. Qxd2 Bf6 15. Rd1 d6 16. f4 Nd7 17. g4 Re8 18. g5 Bd4+ 19. Kh1 g6 20. Nc2 Bg7 21. e4 Rc8 22. Qe2 Qc7 23. Ne3 Bd4 24. Ng4 f5 25. Nh6+ Kh8 26. e5 Kg7 27. e6 Nb8 28. Qc4 1-0

[Event "URU-ch sf2"]
[Site "Colonia del Sacramento"]
[Date "2023.02.20"]
[Round "7"]
[White "Borgiani, Leonardo"]
[Black "Romero, Juan Ignacio"]
[Result "1-0"]
[WhiteElo "1655"]
[BlackElo "1896"]
[PlyCount "39"]
[EventDate "2023.02.17"]
[EventType "swiss"]
[EventRounds "7"]
[EventCountry "URU"]
[SourceTitle "CBM 213 Extra"]
[Source "ChessBase"]
[SourceDate "2023.05.31"]
[SourceVersion "1"]
[SourceVersionDate "2023.05.31"]
[SourceQuality "1"]

1. e4 e6 2. Nf3 d5 3. exd5 exd5 4. d4 Nf6 5. c4 Bb4+ 6. Nc3 0-0 7. Bd3 Re8+ 8. Be3 Ng4 9. 0-0 Nxe3 10. fxe3 Bxc3 11. bxc3 Rxe3 12. Ne5 Be6 13. cxd5 Bxd5 14. Qh5 g6 15. Bxg6 fxg6 16. Nxg6 Bf7 17. Rxf7 Kxf7 18. Ne5+ Ke7 19. Qg5+ Ke8 20. Qxe3 1-0

[Event "URU-ch sf2"]
[Site "Colonia del Sacramento"]
[Date "2023.02.19"]
[Round "4"]
[White "Errazola, Mauricio"]
[Black "Romero, Juan Ignacio"]
[Result "1/2-1/2"]
[WhiteElo "1622"]
[BlackElo "1896"]
[PlyCount "61"]
[EventDate "2023.02.17"]
[EventType "swiss"]
[EventRounds "7"]
[EventCountry "URU"]
[SourceTitle "CBM 213 Extra"]
[Source "ChessBase"]
[SourceDate "2023.05.31"]
[SourceVersion "1"]
[SourceVersionDate "2023.05.31"]
[SourceQuality "1"]

1. d4 Nf6 2. c4 g6 3. Nc3 Bg7 4. e4 d6 5. Nf3 0-0 6. Be2 e5 7. d5 Nbd7 8. 0-0 Nc5 9. Qc2 a5 10. Be3 Ne8 11. Nd2 f5 12. f3 f4 13. Bxc5 dxc5 14. Nb3 b6 15. Nb5 g5 16. Kf2 g4 17. Rh1 Qg5 18. Ke1 Rf6 19. Rd1 Rh6 20. Kd2 a4 21. Nc1 Bd7 22. Qc3 c6 23. dxc6 Bxc6 24. Kc2 Bxb5 25. cxb5 g3 26. Bc4+ Kh8 27. h3 Rd6 28. Bd5 Rad8 29. Bc6 Nc7 30. Rxd6 Rxd6 31. Rd1 1/2-1/2

[Event "Montevideo Trebejos Primavera op"]
[Site "Montevideo"]
[Date "2022.10.17"]
[Round "1"]
[White "Romero, Juan Ignacio"]
[Black "Gasco, Maximiliano"]
[Result "1-0"]
[WhiteElo "1862"]
[BlackElo "1494"]
[PlyCount "43"]
[EventDate "2022.10.17"]
[EventType "swiss"]
[EventRounds "6"]
[EventCountry "URU"]
[SourceTitle "EXT 2024"]
[Source "ChessBase"]
[SourceDate "2023.10.10"]
[SourceVersion "1"]
[SourceVersionDate "2023.10.10"]
[SourceQuality "1"]

1. e4 d6 2. d4 Nf6 3. Nc3 g6 4. Be3 c6 5. f3 b5 6. Qd2 b4 7. Nce2 a5 8. g4 Nbd7 9. h4 Nb6 10. Ng3 h5 11. g5 Nfd7 12. f4 Ba6 13. Bxa6 Rxa6 14. Qd3 Nb8 15. f5 gxf5 16. exf5 d5 17. Bf4 Nc4 18. b3 Nd6 19. g6 f6 20. Qe2 Ra7 21. Nxh5 Nxf5 22. Nxf6# 1-0

[Event "Montevideo Trebejos 50 Anniv op"]
[Site "Montevideo"]
[Date "2022.09.18"]
[Round "2"]
[White "Hoffman, Alejandro"]
[Black "Romero, Juan Ignacio"]
[Result "1-0"]
[WhiteElo "2379"]
[BlackElo "1930"]
[PlyCount "119"]
[EventDate "2022.09.17"]
[EventType "swiss"]
[EventRounds "9"]
[EventCountry "URU"]
[SourceTitle "EXT 2023"]
[Source "ChessBase"]
[SourceDate "2022.10.05"]
[SourceVersion "1"]
[SourceVersionDate "2022.10.05"]
[SourceQuality "1"]

1. d4 d5 2. c4 e6 3. Nc3 Nf6 4. cxd5 exd5 5. Bg5 c6 6. e3 Be7 7. Qc2 0-0 8. Bd3 h6 9. Bf4 Be6 10. Nf3 Nbd7 11. h3 Ne8 12. 0-0-0 c5 13. Kb1 c4 14. Bxc4 Rc8 15. Bd3 Bb4 16. Rc1 Qb6 17. Qb3 Qa5 18. Ne2 Nb6 19. Rxc8 Bxc8 20. a3 Bd6 21. Rc1 Nc4 22. e4 Bxf4 23. Nxf4 dxe4 24. Bxc4 exf3 25. Qxf3 Bf5+ 26. Bd3 Nd6 27. Rc5 Qe1+ 28. Ka2 Bxd3 29. Nxd3 Qd2 30. Qe3 Qxe3 31. fxe3 Re8 32. Ne5 f6 33. Ng4 Kf7 34. Rc7+ Re7 35. Rxe7+ Kxe7 36. Nf2 Nf5 37. Nd1 Ke6 38. Kb3 Kd5 39. Kc3 Nd6 40. Kd3 f5 41. Nc3+ Ke6 42. e4 b6 43. e5 Nb7 44. Nb5 a5 45. Nc7+ Kd7 46. Nd5 b5 47. Nc3 b4 48. axb4 axb4 49. Na2 b3 50. Nc1 Na5 51. Kc3 g5 52. Nxb3 Nc6 53. Nc5+ Ke7 54. b4 h5 55. b5 Nd8 56. b6 g4 57. Kd3 f4 58. hxg4 hxg4 59. d5 g3 60. Ke4 1-0

[Event "Montevideo Trebejos 50 Anniv op"]
[Site "Montevideo"]
[Date "2022.09.17"]
[Round "1"]
[White "Romero, Juan Ignacio"]
[Black "Shih Ferreira, Yin Chieh"]
[Result "1-0"]
[WhiteElo "1930"]
[BlackElo "1463"]
[PlyCount "49"]
[EventDate "2022.09.17"]
[EventType "swiss"]
[EventRounds "9"]
[EventCountry "URU"]
[SourceTitle "EXT 2023"]
[Source "ChessBase"]
[SourceDate "2022.10.05"]
[SourceVersion "1"]
[SourceVersionDate "2022.10.05"]
[SourceQuality "1"]

1. d4 d5 2. c4 c6 3. Nc3 Nf6 4. Nf3 Bf5 5. cxd5 Nxd5 6. Qb3 Qc7 7. Nxd5 cxd5 8. Qxd5 e6 9. Qb5+ Nc6 10. Bd2 Bd6 11. Nh4 0-0 12. Nxf5 exf5 13. e3 Rfe8 14. Be2 f4 15. Rc1 fxe3 16. Bxe3 Bf4 17. d5 Bxe3 18. fxe3 Qe5 19. dxc6 Qxe3 20. Rc3 Qe4 21. cxb7 Rad8 22. 0-0 Rd2 23. b8Q Rxe2 24. Q5xe8+ Qxe8 25. Rc8 1-0

[Event "URU-ch U20"]
[Site "Montevideo"]
[Date "2022.04.03"]
[Round "5"]
[White "Romero, Juan Ignacio"]
[Black "Lanzilotta, Filippo"]
[Result "1/2-1/2"]
[WhiteElo "1721"]
[BlackElo "1458"]
[PlyCount "41"]
[EventDate "2022.04.01"]
[EventType "swiss"]
[EventRounds "6"]
[EventCountry "URU"]
[SourceTitle "CBM 207 Extra"]
[Source "ChessBase"]
[SourceDate "2022.05.31"]
[SourceVersion "1"]
[SourceVersionDate "2022.05.31"]
[SourceQuality "1"]

1. d4 d5 2. c4 c6 3. Nc3 Nf6 4. cxd5 cxd5 5. Bf4 Nc6 6. e3 e6 7. Nf3 Bd7 8. Rc1 a6 9. Bd3 Be7 10. Ne5 0-0 11. 0-0 b5 12. Nxd5 Nxd5 13. Nxc6 Bxc6 14. Rxc6 Nxf4 15. exf4 Qd7 16. Rc2 Rac8 17. Re1 Rxc2 18. Bxc2 Rd8 19. Re3 g6 20. Rh3 Bc5 21. Qd2 1/2-1/2

[Event "URU-ch U20"]
[Site "Montevideo"]
[Date "2022.04.02"]
[Round "4"]
[White "Romero, Juan Ignacio"]
[Black "Elena, Eduardo"]
[Result "1-0"]
[WhiteElo "1721"]
[BlackElo "1882"]
[PlyCount "45"]
[EventDate "2022.04.01"]
[EventType "swiss"]
[EventRounds "6"]
[EventCountry "URU"]
[SourceTitle "CBM 207 Extra"]
[Source "ChessBase"]
[SourceDate "2022.05.31"]
[SourceVersion "1"]
[SourceVersionDate "2022.05.31"]
[SourceQuality "1"]

1. e4 c5 2. Nf3 Nc6 3. d4 cxd4 4. Nxd4 Nf6 5. Nc3 d6 6. Bg5 e6 7. Qd2 Be7 8. 0-0-0 Bd7 9. Ndb5 0-0 10. Nxd6 Qb8 11. f4 Rd8 12. e5 Nd5 13. Nxd5 Bxg5 14. fxg5 exd5 15. Qxd5 Be6 16. Qe4 Qc7 17. Bd3 g6 18. Bc4 Bxc4 19. Nxc4 Qe7 20. h4 Qc5 21. h5 Rxd1+ 22. Rxd1 b5 23. Na5 1-0

[Event "World Cup U16 Prel"]
[Site "Tornelo INT"]
[Date "2021.08.16"]
[Round "1"]
[White "Romero, Juan Ignacio"]
[Black "Collin, Moritz Valentin"]
[Result "0-1"]
[WhiteElo "1413"]
[BlackElo "1965"]
[PlyCount "80"]
[EventDate "2021.08.16"]
[EventType "swiss (rapid)"]
[EventRounds "10"]
[EventCountry "NET"]
[SourceTitle "EXT 2025"]
[Source "ChessBase"]
[SourceDate "2024.10.14"]
[SourceVersion "1"]
[SourceVersionDate "2024.10.14"]
[SourceQuality "1"]

1. e4 c6 2. d4 d5 3. Nc3 dxe4 4. Nxe4 Bf5 5. Ng3 Bg6 6. h4 h6 7. h5 Bh7 8. Nf3 Nd7 9. Bd3 Bxd3 10. Qxd3 e6 11. Bf4 Qa5+ 12. c3 Ngf6 13. Nd2 Nd5 14. Be3 Be7 15. 0-0 0-0 16. a3 Rad8 17. Qc2 b5 18. b4 Qc7 19. Rfe1 N7f6 20. c4 bxc4 21. Nxc4 Nxe3 22. Rxe3 Rxd4 23. Ne5 c5 24. Rc1 Nd5 25. Re4 Rxe4 26. Qxe4 Bd6 27. Nd3 Bxg3 28. fxg3 Qxg3 29. bxc5 Nf6 30. Qd4 Ng4 31. c6 Qh2+ 32. Kf1 Qh1+ 33. Qg1 Ne3+ 34. Kf2 Qxg1+ 35. Kxg1 Rc8 36. Ne5 Nd5 37. Nf3 Kf8 38. Nd4 Ke7 39. Nb5 a6 40. Na7 Rc7 0-1

[Event "World Cup U16 Prel"]
[Site "Tornelo INT"]
[Date "2021.08.16"]
[Round "10"]
[White "Romero, Juan Ignacio"]
[Black "Van der Merwe, Alexander"]
[Result "0-1"]
[WhiteElo "1413"]
[BlackElo "1655"]
[PlyCount "100"]
[EventDate "2021.08.16"]
[EventType "swiss (rapid)"]
[EventRounds "10"]
[EventCountry "NET"]
[SourceTitle "EXT 2025"]
[Source "ChessBase"]
[SourceDate "2024.10.14"]
[SourceVersion "1"]
[SourceVersionDate "2024.10.14"]
[SourceQuality "1"]

1. e4 c5 2. Nf3 d6 3. d4 cxd4 4. Nxd4 Nf6 5. Nc3 a6 6. g3 e5 7. Nb3 b5 8. a4 b4 9. Nd5 Bb7 10. Bg5 Nbd7 11. Bg2 h6 12. Be3 Nxd5 13. exd5 Nb6 14. Qd3 Rc8 15. Bh3 Nd7 16. a5 g6 17. 0-0 Bg7 18. Rfe1 0-0 19. Bb6 Nxb6 20. axb6 f5 21. Na5 Qxb6 22. Nxb7 Qxb7 23. Rxa6 e4 24. Qe2 Qxd5 25. Rd1 Qc4 26. Qxc4+ Rxc4 27. Rdxd6 Rxc2 28. Rxg6 Rf7 29. g4 f4 30. g5 Rc1+ 31. Kg2 f3+ 32. Kg3 Rg1+ 33. Kh4 hxg5+ 34. Rxg5 Rxg5 35. Kxg5 e3 36. fxe3 f2 37. Bf1 Bxb2 38. Rg6+ Kf8 39. Rb6 Bc3 40. Rb5 Bd2 41. Rb8+ Kg7 42. Re8 Rc7 43. Bd3 b3 44. Rg8+ Kxg8 45. Kf4 Rf7+ 46. Ke4 f1Q 47. Bxf1 Rxf1 48. Kd3 Bxe3 49. Kxe3 b2 50. Ke2 b1Q 0-1